000 00495nam a2200205Ia 4500
003 OSt
005 20230330160654.0
008 210423s2009 xx 000 0 und d
020 _a9788174467638
040 _cAL
041 _aeng
082 _a658.1511 BHAS
100 _aBHAT (Sudhindra).
_980450
245 _aManagement accounting.
260 _aNew Delhi
_bExcel Books
_c2009
300 _axv,817
_bPB
365 _b380
_cINR
906 _aaccounting ; Management
942 _2ddc
_cBK
999 _c157633
_d157633